[Event "1. OEsterreichische Internet Schach Meisterschaft - Vorrunde 2"]
[Site "Online - Playchess.com"]
[Date ""]
[Round "2"]
[Board "49"]
[White "Leisch, Lukas"]
[Black "Fuchs, Georg"]
[Result "1/2-1/2"]
[WhiteElo "2362"]
[BlackElo "2234"]
[PlyCount "107"]
[EventDate "2020.04.13"]
[EventRounds "9"]
[EventCountry "AUT"]

1. c4 e5 2. Nc3 Nf6 3. Nf3 Nc6 4. e3 d5 5. cxd5 Nxd5 6. Bb5 Ndb4 7. d4 exd4 8. Nxd4
Bd7 9. a3 Nxd4 10. Bxd7+ Qxd7 11. axb4 Nc6 12. Qxd7+ Kxd7 13. b5 Nb4 14. Ke2 Bd6
15. Rd1 Rhe8 16. Ra4 a5 17. bxa6 Nxa6 18. Nb5 Nc5 19. Rc4 Ne6 20. e4 Ra5 21. Nxd6
cxd6 22. Be3 b5 23. Rc2 f6 24. Rcd2 Ra6 25. b4 Rc8 26. f4 Rc4 27. e5 Nxf4+ 28. Bxf4
Rxf4 29. Rxd6+ Rxd6 30. Rxd6+ Ke7 31. Rb6 Rxb4 32. exf6+ gxf6 33. Rb7+ Ke6 34. Rxh7
Kf5 35. Rb7 Kf4 36. g3+ Kg4 37. Rg7+ Kh3 38. Rh7+ Kg2 39. Ke3 Rb1 40. Kf4 b4 41.
h4 b3 42. Rb7 b2 43. Kg4 f5+ 44. Kg5 Kxg3 45. Rb3+ Kg2 46. h5 f4 47. h6 f3 48. h7
Rh1 49. Rxb2+ f2 50. Rxf2+ Kxf2 51. Kg6 Kg3 52. Kg7 Kg4 53. h8=Q Rxh8 54. Kxh8  1/2-1/2

[Event "1. OEsterreichische Internet Schach Meisterschaft - Vorrunde 2"]
[Site "Online - Playchess.com"]
[Date ""]
[Round "2"]
[Board "50"]
[White "Mostbauer, Florian"]
[Black "Haemmerle, Dietmar"]
[Result "1-0"]
[WhiteElo "2309"]
[BlackElo "1762"]
[PlyCount "81"]
[EventDate "2020.04.13"]
[EventRounds "9"]
[EventCountry "AUT"]

1. c4 e6 2. g3 Nf6 3. Bg2 Be7 4. Nf3 O-O 5. O-O c6 6. d4 d5 7. b3 Re8 8. Bb2 Nbd7
9. Nc3 h6 10. a3 b6 11. h3 Bb7 12. cxd5 exd5 13. e3 Qc7 14. Rc1 Rac8 15. Rc2 Bd6
16. Nb5 Qb8 17. Nxd6 Qxd6 18. a4 Ne4 19. Ne5 f6 20. Nxd7 Qxd7 21. Qe2 Qd6 22. Rfc1
Rc7 23. Bc3 a5 24. Be1 Ng5 25. h4 Ne6 26. Qh5 c5 27. Qxe8+ Kh7 28. dxc5 bxc5 29.
Qh5 Rd7 30. Bxa5 d4 31. Qf5+ Kg8 32. Bxb7 Rxb7 33. exd4 Rxb3 34. dxc5 Rxg3+ 35. fxg3
Qxg3+ 36. Rg2 Qe3+ 37. Kh2 Nf4 38. Rcg1 Nxg2 39. Rxg2 Qd4 40. Qg4 Qd5 41. Qxg7#  1-0

[Event "1. OEsterreichische Internet Schach Meisterschaft - Vorrunde 2"]
[Site "Online - Playchess.com"]
[Date ""]
[Round "2"]
[Board "51"]
[White "Simon, Christopher"]
[Black "Kuecher, Wolfgang"]
[Result "0-1"]
[WhiteElo "1824"]
[BlackElo "2117"]
[PlyCount "136"]
[EventDate "2020.04.13"]
[EventRounds "9"]
[EventCountry "AUT"]

1. d4 Nf6 2. Bf4 c5 3. e3 g6 4. c3 Bg7 5. Nf3 O-O 6. Nbd2 b6 7. Be2 Bb7 8. O-O d6
9. Qa4 Nbd7 10. Ba6 Qc8 11. Bxb7 Qxb7 12. Rfe1 Rfc8 13. h3 a6 14. Qd1 b5 15. a3 a5
16. Qb3 b4 17. Ng5 Qd5 18. Qd1 h6 19. Ngf3 bxc3 20. bxc3 Rcb8 21. Qc2 Rb7 22. Rab1
Rab8 23. Rxb7 Qxb7 24. Rb1 Qa7 25. Rxb8+ Qxb8 26. Qb3 Qxb3 27. Nxb3 a4 28. Nbd2 Nd5
29. c4 Nxf4 30. exf4 cxd4 31. Kf1 e5 32. Ke2 f5 33. g4 e4 34. Nh4 fxg4 35. hxg4 Nc5
36. f5 g5 37. Ng6 Kf7 38. f3 d3+ 39. Ke3 exf3 40. Nxf3 Kf6 41. Ne1 Kf7 42. Nxd3 Nxd3
43. Kxd3 Bb2 44. Kc2 Bxa3 45. Kc3 Bc5 46. Kc2 a3 47. Kb3 Kf6 48. Nf8 h5 49. gxh5
Kxf5 50. h6 Kf6 51. Nd7+ Kg6 52. Nxc5 dxc5 53. Kxa3 g4 54. Ka4 g3 55. h7 Kxh7 56.
Kb5 g2 57. Kxc5 g1=Q+ 58. Kc6 Qg8 59. c5 Qc8+ 60. Kb6 Kg6 61. c6 Kf6 62. c7 Ke5 63.
Kc6 Ke6 64. Kb6 Kd6 65. Ka7 Qxc7+ 66. Ka8 Qd7 67. Kb8 Kc6 68. Ka8 Qb7#  0-1

[Event "1. OEsterreichische Internet Schach Meisterschaft - Vorrunde 2"]
[Site "Online - Playchess.com"]
[Date ""]
[Round "2"]
[Board "52"]
[White "Kellner, Nikolaus"]
[Black "Hessenberger, Andreas"]
[Result "0-1"]
[WhiteElo "1685"]
[BlackElo "2019"]
[PlyCount "76"]
[EventDate "2020.04.13"]
[EventRounds "9"]
[EventCountry "AUT"]

1. g4 d5 2. h3 e5 3. d3 Bc5 4. Nc3 Qh4 5. e3 d4 6. Ne4 dxe3 7. Bxe3 Bxe3 8. Nf3 Bxf2+
9. Nxf2 Qe7 10. Qe2 Nc6 11. O-O-O Bd7 12. d4 exd4 13. Nxd4 Nxd4 14. Qxe7+ Nxe7 15.
Rxd4 O-O-O 16. Bc4 Bc6 17. Rhd1 Rxd4 18. Rxd4 f6 19. Be6+ Kb8 20. Nd3 b6 21. Nb4
Bg2 22. Rd7 Ng6 23. Na6+ Kb7 24. Nxc7 Kc6 25. Rxg7 Bxh3 26. Nd5 Kd6 27. Bf7 Ne5 28.
Nxf6 Nxf7 29. Rxf7 h6 30. Ne4+ Ke6 31. Rxa7 Rf8 32. g5 Rf1+ 33. Kd2 h5 34. g6 Rg1
35. g7 Ke5 36. Re7+ Kf4 37. Nf6 Rg2+ 38. Kc3 Rg3+  0-1

[Event "1. OEsterreichische Internet Schach Meisterschaft - Vorrunde 2"]
[Site "Online - Playchess.com"]
[Date ""]
[Round "2"]
[Board "53"]
[White "Griessnig, Thomas"]
[Black "Ticar, Clemens"]
[Result "1-0"]
[WhiteElo "1895"]
[BlackElo "1753"]
[PlyCount "73"]
[EventDate "2020.04.13"]
[EventRounds "9"]
[EventCountry "AUT"]

1. d4 d6 2. Nf3 Nf6 3. e3 g6 4. Bd3 Bg7 5. O-O O-O 6. b3 Nbd7 7. Bb2 c6 8. c4 b6
9. Nbd2 Bb7 10. e4 Rc8 11. h3 e5 12. d5 cxd5 13. exd5 Qe7 14. Ne4 Nxe4 15. Bxe4 f5
16. Bc2 e4 17. Bxg7 Qxg7 18. Nd4 Nc5 19. b4 Nd3 20. Ne6 Qe5 21. Bxd3 exd3 22. Nxf8
Rxf8 23. Qxd3 f4 24. Rae1 Qg5 25. Qf3 Bc8 26. Re4 Qh6 27. Rfe1 g5 28. Re6 Bxe6 29.
dxe6 Re8 30. e7 Qf6 31. Qd5+ Kg7 32. Re6 Qa1+ 33. Kh2 h6 34. Qxd6 Qxa2 35. Rg6+ Kh7
36. Rxh6+ Kg8 37. Qg6#  1-0

[Event "1. OEsterreichische Internet Schach Meisterschaft - Vorrunde 2"]
[Site "Online - Playchess.com"]
[Date ""]
[Round "2"]
[Board "54"]
[White "Schroll, Gerhard"]
[Black "Kessler, Manuel"]
[Result "1-0"]
[WhiteElo "2321"]
[BlackElo "1731"]
[PlyCount "40"]
[EventDate "2020.04.13"]
[EventRounds "9"]
[EventCountry "AUT"]

1. d4 Nf6 2. c4 c5 3. d5 b5 4. Qc2 g6 5. e4 d6 6. Nf3 Bg7 7. cxb5 a6 8. Nbd2 O-O
9. b6 Nbd7 10. Nc4 Nxb6 11. Bd2 Bd7 12. Ba5 Rb8 13. Nxb6 Rxb6 14. Bxb6 Qxb6 15. Bc4
Rb8 16. Rb1 a5 17. O-O a4 18. b3 axb3 19. Rxb3 Qa7 20. Rxb8+ Qxb8  1-0

[Event "1. OEsterreichische Internet Schach Meisterschaft - Vorrunde 2"]
[Site "Online - Playchess.com"]
[Date ""]
[Round "2"]
[Board "55"]
[White "Rampler, Evelyn"]
[Black "Steiner, Adam"]
[Result "0-1"]
[WhiteElo "1806"]
[BlackElo "2251"]
[PlyCount "92"]
[EventDate "2020.04.13"]
[EventRounds "9"]
[EventCountry "AUT"]

1. e4 c6 2. c4 d5 3. cxd5 cxd5 4. e5 Nc6 5. d4 Bf5 6. Nf3 e6 7. Nc3 Rc8 8. Bb5 Bb4
9. Bd2 Nge7 10. O-O O-O 11. Nh4 Nxd4 12. Nxf5 Nexf5 13. Bd3 Qh4 14. a3 Bc5 15. b4
Bb6 16. Na4 Bc7 17. Nc5 b6 18. Nb3 Bxe5 19. g3 Qh3 20. Nxd4 Nxd4 21. f4 Bf6 22. Rf2
Nb3 23. Qxb3 Bxa1 24. Qb1 Bf6 25. f5 e5 26. Qd1 e4 27. Bf1 Bd4 28. Bxh3 e3 29. Bxe3
Bxe3 30. f6 Rc1 31. Qxc1 Bxc1 32. fxg7 Kxg7 33. Bd7 Be3 34. Kg2 Bxf2 35. Kxf2 Rd8
36. Bb5 Kf6 37. Ke3 Ke5 38. Bd3 f5 39. a4 h6 40. a5 Rf8 41. axb6 axb6 42. h3 f4+
43. gxf4+ Rxf4 44. Bb5 Rxb4 45. Bc6 Rb3+ 46. Kd2 Rxh3  0-1

[Event "1. OEsterreichische Internet Schach Meisterschaft - Vorrunde 2"]
[Site "Online - Playchess.com"]
[Date ""]
[Round "2"]
[Board "56"]
[White "Enne, Harald"]
[Black "Meier, Alexander"]
[Result "0-1"]
[WhiteElo "1916"]
[BlackElo "2226"]
[PlyCount "80"]
[EventDate "2020.04.13"]
[EventRounds "9"]
[EventCountry "AUT"]

1. d4 d6 2. c4 e5 3. dxe5 dxe5 4. Bd2 Be6 5. e4 c6 6. Nf3 Nd7 7. Nc3 Qc7 8. Be2 h6
9. O-O Ngf6 10. h3 a5 11. Qc2 Be7 12. Rfd1 O-O 13. Be3 Rfd8 14. Rd2 Bc5 15. Bxc5
Nxc5 16. Rad1 Rxd2 17. Rxd2 Nh5 18. Kh2 Nf4 19. Bf1 Re8 20. g3 Ng6 21. a3 Bc8 22.
b4 axb4 23. axb4 Ne6 24. b5 Rd8 25. Rxd8+ Qxd8 26. Be2 Nd4 27. Nxd4 Qxd4 28. Qd3
Be6 29. Qxd4 exd4 30. bxc6 bxc6 31. Na4 Ne5 32. Nb6 d3 33. Bd1 Nxc4 34. Na4 Nd6 35.
Nc5 Bc4 36. f4 Nb5 37. e5 Nc3 38. Bf3 d2 39. Kg2 Bd5 40. Bxd5 cxd5  0-1

[Event "1. OEsterreichische Internet Schach Meisterschaft - Vorrunde 2"]
[Site "Online - Playchess.com"]
[Date ""]
[Round "2"]
[Board "58"]
[White "Schumi, Manfred"]
[Black "Pedevilla, Luis"]
[Result "1-0"]
[WhiteElo "2202"]
[BlackElo "1650"]
[PlyCount "49"]
[EventDate "2020.04.13"]
[EventRounds "9"]
[EventCountry "AUT"]

1. e4 c5 2. Nf3 Nc6 3. Nc3 g6 4. d4 cxd4 5. Nxd4 Bg7 6. Be3 e6 7. Bc4 Nge7 8. Ndb5
O-O 9. O-O Kh8 10. Nd6 f5 11. Qd2 b6 12. Rad1 Ne5 13. Bb3 Ng4 14. Bg5 h6 15. Bxe7
Qxe7 16. exf5 exf5 17. Nxc8 Raxc8 18. Qxd7 Qxd7 19. Rxd7 a5 20. Re1 Ne5 21. Rb7 Rc6
22. Nd5 Ng4 23. Ree7 Bxb2 24. Rh7+ Kg8 25. Nf6#  1-0

[Event "1. OEsterreichische Internet Schach Meisterschaft - Vorrunde 2"]
[Site "Online - Playchess.com"]
[Date ""]
[Round "2"]
[Board "59"]
[White "Soelkner, Julian"]
[Black "Novkovic, Julia"]
[Result "1-0"]
[WhiteElo "1484"]
[BlackElo "2170"]
[PlyCount "109"]
[EventDate "2020.04.13"]
[EventRounds "9"]
[EventCountry "AUT"]

1. e4 e5 2. Nf3 Nc6 3. Bc4 Nf6 4. d3 Be7 5. Nc3 d6 6. O-O Na5 7. Bb3 O-O 8. Be3 a6
9. Qd2 Nxb3 10. axb3 Bg4 11. Qe2 h6 12. h3 Be6 13. Rfe1 c5 14. Nd2 Rc8 15. Nd1 Nh7
16. c4 Bg5 17. Nf3 Bf4 18. Bxf4 exf4 19. Nc3 Qf6 20. Nd5 Qd8 21. Nxf4 Qb6 22. Qc2
Rce8 23. Nd5 Qd8 24. Re2 Ng5 25. Nxg5 hxg5 26. Qd2 g6 27. Rae1 Kg7 28. Re3 Rh8 29.
Qc3+ f6 30. Rf3 Bxd5 31. exd5 Rxe1+ 32. Qxe1 Re8 33. Re3 Re5 34. f3 Qb6 35. Rxe5
fxe5 36. Qc3 Qd8 37. Kf2 Qf6 38. Qd2 b6 39. Qe3 Qf5 40. g4 Qf7 41. Qxg5 b5 42. h4
Qf4 43. Qxf4 exf4 44. g5 Kf7 45. Kg2 Ke7 46. Kh3 Kf7 47. Kg4 Kg7 48. Kxf4 Kf7 49.
Ke4 Ke7 50. f4 Kf7 51. f5 Kg7 52. fxg6 Kxg6 53. Kf4 Kf7 54. Kf5 Kg7 55. h5  1-0

[Event "1. OEsterreichische Internet Schach Meisterschaft - Vorrunde 2"]
[Site "Online - Playchess.com"]
[Date ""]
[Round "2"]
[Board "60"]
[White "Buchner, Martin"]
[Black "Wagner, Leopold Franziskus"]
[Result "0-1"]
[WhiteElo "1777"]
[BlackElo "2168"]
[PlyCount "50"]
[EventDate "2020.04.13"]
[EventRounds "9"]
[EventCountry "AUT"]

1. d4 Nf6 2. Nf3 e6 3. e3 d5 4. Bd3 Be7 5. Nbd2 O-O 6. O-O c5 7. c3 Nc6 8. Re1 b6
9. e4 dxe4 10. Nxe4 Bb7 11. Qc2 cxd4 12. Nxf6+ Bxf6 13. Bxh7+ Kh8 14. Be4 dxc3 15.
Qxc3 Bxc3 16. bxc3 f5 17. Bc2 Ne7 18. Rxe6 Bxf3 19. gxf3 Qd7 20. Bb3 Nd5 21. Re1
Rf6 22. Bb2 Rg6+ 23. Kh1 Nf4 24. Rad1 Qb7 25. Rd4 Qxf3#  0-1

[Event "1. OEsterreichische Internet Schach Meisterschaft - Vorrunde 2"]
[Site "Online - Playchess.com"]
[Date ""]
[Round "2"]
[Board "62"]
[White "Haas, Michael"]
[Black "Gugler, Giorgio"]
[Result "1-0"]
[WhiteElo "2141"]
[BlackElo "1405"]
[PlyCount "131"]
[EventDate "2020.04.13"]
[EventRounds "9"]
[EventCountry "AUT"]

1. d4 d5 2. Nf3 Bg4 3. Ne5 Bh5 4. c3 Nf6 5. Nd2 Nc6 6. Nxc6 bxc6 7. Qa4 Qd7 8. e3
e6 9. Bd3 Bd6 10. O-O O-O 11. e4 dxe4 12. Nxe4 Nd5 13. Qc2 Bg6 14. Ng3 Bxd3 15. Qxd3
Nf4 16. Bxf4 Bxf4 17. Qf3 e5 18. dxe5 Bxe5 19. Rad1 Bd6 20. Nf5 Rae8 21. Qg4 g6 22.
Nh6+ Kg7 23. Qxd7 Kxh6 24. Qxc6 Re6 25. Qf3 Rfe8 26. g3 Kg7 27. Kg2 h5 28. h4 Rf6
29. Qd3 Re5 30. Rde1 Ref5 31. f4 Bc5 32. b4 Bb6 33. c4 c5 34. b5 Bc7 35. Re7 Bd6
36. Rd7 Bb8 37. a4 Re6 38. Rf2 Rff6 39. Re2 Rd6 40. Rxd6 Rxd6 41. Qe3 Rd4 42. Qe8
Bd6 43. Re4 Rd2+ 44. Kf3 Rd3+ 45. Kf2 Rd2+ 46. Ke3 Rg2 47. Kf3 Rc2 48. Qa8 Rc3+ 49.
Kg2 Rc2+ 50. Kh3 Rc3 51. Qxa7 Rc1 52. Qd7 Rh1+ 53. Kg2 Rd1 54. a5 Rd2+ 55. Kf3 Rd3+
56. Re3 Rd1 57. a6 Rf1+ 58. Kg2 Rd1 59. a7 Rd2+ 60. Kf3 Rd1 61. a8=Q Rf1+ 62. Kg2
Rd1 63. Qab7 Rd2+ 64. Kf3 Rd1 65. Qxf7+ Kh6 66. Qh7#  1-0

[Event "1. OEsterreichische Internet Schach Meisterschaft - Vorrunde 2"]
[Site "Online - Playchess.com"]
[Date ""]
[Round "2"]
[Board "63"]
[White "Strodl, Joachim"]
[Black "Katter, Marlene"]
[Result "1-0"]
[WhiteElo "2137"]
[BlackElo "1609"]
[PlyCount "69"]
[EventDate "2020.04.13"]
[EventRounds "9"]
[EventCountry "AUT"]

1. Nf3 e6 2. d4 f5 3. g3 Nf6 4. e3 d5 5. Bg2 c6 6. O-O Bd6 7. b3 O-O 8. Ba3 Bxa3
9. Nxa3 Nbd7 10. c4 Qe7 11. Nc2 Ne4 12. h4 Ndf6 13. Ne5 Bd7 14. Ne1 Be8 15. Qc2 Bh5
16. N1d3 Rac8 17. b4 a6 18. a4 Ng4 19. Nf4 Nxg3 20. fxg3 Nxe3 21. Qd3 Nxf1 22. Nxh5
g6 23. Nf4 Nxg3 24. Qxg3 Qxb4 25. Nxe6 Rfe8 26. Nf4 dxc4 27. Nfxg6 Rc7 28. Ne7+ Kf8
29. Nxf5 c3 30. Rf1 Ree7 31. Nd6+ Rf7 32. Ndxf7 Rxf7 33. Rxf7+ Ke8 34. Qg8+ Qf8 35.
Qxf8#  1-0

[Event "1. OEsterreichische Internet Schach Meisterschaft - Vorrunde 2"]
[Site "Online - Playchess.com"]
[Date ""]
[Round "2"]
[Board "64"]
[White "Froewis, Annika"]
[Black "Messner, Andreas"]
[Result "1-0"]
[WhiteElo "2136"]
[BlackElo "1856"]
[PlyCount "87"]
[EventDate "2020.04.13"]
[EventRounds "9"]
[EventCountry "AUT"]

1. e4 g6 2. d4 Bg7 3. Nc3 c5 4. Nf3 cxd4 5. Nxd4 Nc6 6. Be3 d6 7. Qd2 Nf6 8. f3 Bd7
9. O-O-O Rc8 10. Kb1 Qa5 11. h4 h5 12. Be2 Nb4 13. Nb3 Qc7 14. a3 Nc6 15. Nb5 Qb8
16. N5d4 Ne5 17. Bb5 a6 18. Bxd7+ Nexd7 19. g4 hxg4 20. fxg4 Nxe4 21. Qg2 Nef6 22.
h5 Ne5 23. h6 Bf8 24. g5 Nfg4 25. Bf4 Qc7 26. Rhe1 Qc4 27. Re4 Qc7 28. Rde1 b5 29.
c3 a5 30. Nf3 a4 31. Nbd4 Qb6 32. Nxe5 Nxe5 33. Bxe5 dxe5 34. Rxe5 b4 35. cxb4 Qxd4
36. Qb7 Qd7 37. Qe4 e6 38. Qf3 Rd8 39. Qf6 Rg8 40. h7 Rg7 41. h8=Q Qd3+ 42. Ka1 Qd1+
43. Rxd1 Rxd1+ 44. Ka2  1-0

[Event "1. OEsterreichische Internet Schach Meisterschaft - Vorrunde 2"]
[Site "Online - Playchess.com"]
[Date ""]
[Round "2"]
[Board "65"]
[White "Schein, Alexander"]
[Black "Iro, Christian"]
[Result "1-0"]
[WhiteElo "1631"]
[BlackElo "2081"]
[PlyCount "87"]
[EventDate "2020.04.13"]
[EventRounds "9"]
[EventCountry "AUT"]

1. e4 c6 2. d4 d5 3. Nc3 dxe4 4. Nxe4 Bf5 5. Ng3 Bg6 6. Nf3 Nd7 7. Bc4 e6 8. O-O
Ngf6 9. Bg5 Be7 10. Ne5 O-O 11. f4 Nd5 12. Bxe7 Qxe7 13. Bxd5 cxd5 14. Qd2 Rac8 15.
c3 Nb6 16. b3 Rc7 17. f5 exf5 18. Nxf5 Bxf5 19. Rxf5 f6 20. Raf1 Re8 21. Nf3 Qe3+
22. Qxe3 Rxe3 23. Ne5 Rexc3 24. g4 Rc1 25. Nd3 Rxf1+ 26. Kxf1 Rc2 27. Rf2 Rxf2+ 28.
Kxf2 Nd7 29. Nf4 Nb6 30. Ne6 Nd7 31. Nc7 Nb6 32. a4 a5 33. Ke3 Kf7 34. Kf4 Ke7 35.
Nb5 Nc8 36. h4 Nd6 37. Nc7 Ne4 38. Nxd5+ Kd6 39. Kxe4 h6 40. Nb6 Kc6 41. Nc4 b6 42.
d5+ Kc7 43. d6+ Kc6 44. Kd4  1-0

[Event "1. OEsterreichische Internet Schach Meisterschaft - Vorrunde 2"]
[Site "Online - Playchess.com"]
[Date ""]
[Round "2"]
[Board "66"]
[White "Dilly, Julian"]
[Black "Guetz, Wolfgang"]
[Result "0-1"]
[WhiteElo "1502"]
[BlackElo "2078"]
[PlyCount "106"]
[EventDate "2020.04.13"]
[EventRounds "9"]
[EventCountry "AUT"]

1. Nf3 Nf6 2. g3 d5 3. d3 g6 4. Bg2 Bg7 5. O-O O-O 6. Nbd2 c5 7. c4 d4 8. Nb3 Na6
9. e3 dxe3 10. Bxe3 b6 11. Ne5 Bf5 12. Bxa8 Qxa8 13. f4 Rd8 14. Qf3 Qxf3 15. Rxf3
Nb4 16. Rd1 Nd7 17. a3 Nxe5 18. fxe5 Rxd3 19. Rxd3 Nxd3 20. Bg5 Nxe5 21. Re3 f6 22.
Bf4 Kf7 23. Bxe5 fxe5 24. Nd2 e4 25. Kg2 Bxb2 26. Nxe4 Bxe4+ 27. Rxe4 Bxa3 28. Rf4+
Ke6 29. Kf3 Bb4 30. Ke4 a5 31. Rf8 a4 32. Ra8 Ba5 33. Rd8 a3 34. Rd1 Bc3 35. Rc1
a2 36. Rxc3 a1=Q 37. Re3 Kd7 38. Kf3 Qf6+ 39. Ke2 Qb2+ 40. Kf3 Qc1 41. Kf4 Qxc4+
42. Re4 Qxe4+ 43. Kxe4 Ke6 44. Kd3 b5 45. Kc3 Kd5 46. Kd3 e5 47. Kc3 b4+ 48. Kb3
e4 49. Kc2 e3 50. Kd1 Ke4 51. Ke2 b3 52. h4 b2 53. Kd1 b1=Q+  0-1

[Event "1. OEsterreichische Internet Schach Meisterschaft - Vorrunde 2"]
[Site "Online - Playchess.com"]
[Date ""]
[Round "2"]
[Board "67"]
[White "Ploeckinger, Paul"]
[Black "Pernerstorfer, Max"]
[Result "1/2-1/2"]
[WhiteElo "1334"]
[BlackElo "2066"]
[PlyCount "112"]
[EventDate "2020.04.13"]
[EventRounds "9"]
[EventCountry "AUT"]

1. e4 e5 2. Nf3 Nc6 3. Bc4 Bc5 4. Nc3 Nf6 5. d3 d6 6. a3 a6 7. O-O Ba7 8. Be3 Ne7
9. Bxa7 Rxa7 10. h3 Ng6 11. Nd5 O-O 12. c3 h6 13. b4 Ra8 14. a4 c6 15. Nxf6+ Qxf6
16. b5 axb5 17. axb5 Bd7 18. bxc6 bxc6 19. Rxa8 Rxa8 20. Qb3 Bxh3 21. Bxf7+ Qxf7
22. Qxf7+ Kxf7 23. gxh3 Nf4 24. d4 Ke6 25. h4 Ra3 26. dxe5 dxe5 27. Nd2 Rxc3 28.
Rb1 Rc1+ 29. Rxc1 Ne2+ 30. Kg2 Nxc1 31. Kf3 Nd3 32. Ke3 Nf4 33. Nc4 Ng2+ 34. Kf3
Nxh4+ 35. Kg4 Ng6 36. f3 Nf4 37. Na5 c5 38. Nb3 c4 39. Nc5+ Kd6 40. Na4 Ne2 41. Kf5
c3 42. f4 exf4 43. Nxc3 Nxc3 44. Kxf4 Ke6 45. e5 Nd5+ 46. Ke4 g5 47. Kd4 h5 48. Ke4
h4 49. Kf3 Kxe5 50. Kg4 Ne3+ 51. Kh3 Kf5 52. Kh2 Kg4 53. Kg1 Kg3 54. Kh1 Nd5 55.
Kg1 Nf4 56. Kh1 Nh3  1/2-1/2

[Event "1. OEsterreichische Internet Schach Meisterschaft - Vorrunde 2"]
[Site "Online - Playchess.com"]
[Date ""]
[Round "2"]
[Board "68"]
[White "Milanollo, Mario"]
[Black "Neubauer, Anton"]
[Result "1-0"]
[WhiteElo "2053"]
[BlackElo "1879"]
[PlyCount "74"]
[EventDate "2020.04.13"]
[EventRounds "9"]
[EventCountry "AUT"]

1. e4 e6 2. d4 d5 3. Nc3 Nf6 4. Bg5 Be7 5. e5 Nfd7 6. h4 h6 7. Bxe7 Qxe7 8. Qg4 Rg8
9. O-O-O c5 10. Nb5 cxd4 11. Nc7+ Kf8 12. f4 Nxe5 13. fxe5 Qxc7 14. Qxd4 Nc6 15.
Qc5+ Ke8 16. Nf3 Bd7 17. Bd3 b6 18. Qc3 Rc8 19. Ba6 Rb8 20. Kb1 Bc8 21. Bb5 Bb7 22.
g4 Rc8 23. Qe1 Ke7 24. Bxc6 Qxc6 25. c3 a5 26. g5 a4 27. a3 b5 28. Nd4 Qc4 29. Rf1
hxg5 30. hxg5 b4 31. cxb4 Rh8 32. Qf2 Rcf8 33. Rc1 Qd3+ 34. Ka1 Rc8 35. Qxf7+ Kd8
36. Qxb7 Rxc1+ 37. Rxc1 Rh1  1-0

[Event "1. OEsterreichische Internet Schach Meisterschaft - Vorrunde 2"]
[Site "Online - Playchess.com"]
[Date ""]
[Round "2"]
[Board "69"]
[White "Kaltenbeck, Dieter"]
[Black "Stolzlechner, Thomas"]
[Result "1/2-1/2"]
[WhiteElo "1314"]
[BlackElo "2037"]
[PlyCount "98"]
[EventDate "2020.04.13"]
[EventRounds "9"]
[EventCountry "AUT"]

1. a3 d5 2. Nf3 c6 3. e3 Nf6 4. c4 e6 5. g3 Nbd7 6. Bg2 Bd6 7. cxd5 exd5 8. O-O O-O
9. Re1 Re8 10. Nc3 Nc5 11. d4 Nce4 12. Nxe4 Nxe4 13. Nd2 Bf5 14. Nxe4 Bxe4 15. f3
Bg6 16. b4 a5 17. Bd2 axb4 18. Bxb4 Bxb4 19. axb4 Qb6 20. Qd2 h6 21. Rab1 Ra3 22.
Ra1 Rea8 23. Rxa3 Rxa3 24. Qb2 Qa7 25. f4 Ra2 26. Qb3 Bc2 27. Qc3 Ba4 28. Ra1 Bb5
29. Rxa2 Qxa2 30. Qc1 Qe2 31. Bf1 Qxf1+ 32. Qxf1 Bxf1 33. Kxf1 f5 34. Ke2 Kf7 35.
Kd3 Ke6 36. Kc3 Kd6 37. Kb3 b5 38. Kc3 Ke6 39. h4 Kf6 40. Kd3 Kg6 41. Ke2 Kh5 42.
Kf3 Kg6 43. Kg2 h5 44. Kf3 Kf6 45. Kg2 g6 46. Kf3 Ke6 47. Kg2 Kf6 48. Kf3 Ke6 49.
Kg2 Kf6  1/2-1/2

[Event "1. OEsterreichische Internet Schach Meisterschaft - Vorrunde 2"]
[Site "Online - Playchess.com"]
[Date ""]
[Round "2"]
[Board "70"]
[White "Kreutzmann, Duke"]
[Black "Mittelbach, Eduard"]
[Result "0-1"]
[WhiteElo "2036"]
[BlackElo "1667"]
[PlyCount "40"]
[EventDate "2020.04.13"]
[EventRounds "9"]
[EventCountry "AUT"]

1. Nf3 Nf6 2. g3 c5 3. Bg2 d5 4. d4 e6 5. O-O Be7 6. c4 O-O 7. cxd5 Nxd5 8. e4 Nb6
9. Nc3 cxd4 10. Nxd4 Bf6 11. Be3 Nc6 12. Nxc6 bxc6 13. Qb3 Ba6 14. Rfd1 Qc7 15. Qc2
Rad8 16. h4 Nc4 17. Bc5 Rfe8 18. b3 Ne5 19. Rac1 Nd3 20. Rb1 Nxc5  0-1

[Event "1. OEsterreichische Internet Schach Meisterschaft - Vorrunde 2"]
[Site "Online - Playchess.com"]
[Date ""]
[Round "2"]
[Board "71"]
[White "Kainz, Josef"]
[Black "Kwech, Andreas"]
[Result "1-0"]
[WhiteElo "2005"]
[BlackElo "1901"]
[PlyCount "139"]
[EventDate "2020.04.13"]
[EventRounds "9"]
[EventCountry "AUT"]

1. d4 Nf6 2. c4 e5 3. dxe5 Ne4 4. a3 d6 5. Nf3 Nc6 6. Bf4 Bg4 7. Nbd2 dxe5 8. Nxe5
Nxe5 9. Bxe5 Nxd2 10. Qxd2 Qxd2+ 11. Kxd2 O-O-O+ 12. Ke1 f6 13. Bc3 Bd6 14. e3 Rhe8
15. Be2 Bf5 16. g4 Be4 17. f3 Bc6 18. Bd4 b6 19. Kf2 Bb7 20. Rad1 Re7 21. Bd3 h6
22. Bf5+ Kb8 23. h4 Rde8 24. Rhe1 Bc8 25. Bg6 Rd8 26. b4 c6 27. c5 Bc7 28. cxb6 axb6
29. Be4 Bb7 30. Bc3 Rxd1 31. Rxd1 c5 32. bxc5 Bxe4 33. fxe4 Rxe4 34. Kf3 Re7 35.
cxb6 Bxb6 36. Rb1 Ka7 37. Bd4 Bxd4 38. exd4 Ka6 39. Kf4 g6 40. g5 fxg5+ 41. hxg5
h5 42. Rc1 Kb5 43. Rc5+ Kb6 44. Re5 Rf7+ 45. Ke4 Rg7 46. d5 Kc5 47. Re6 h4 48. Rc6+
Kb5 49. Rc3 Rh7 50. Rh3 Kc5 51. Ke5 Re7+ 52. Kf6 Ra7 53. Kxg6 Kxd5 54. Rxh4 Rxa3
55. Rf4 Ke5 56. Rf5+ Ke6 57. Rf6+ Ke7 58. Kg7 Rg3 59. g6 Rg4 60. Rf7+ Ke8 61. Rf8+
Ke7 62. Ra8 Rg3 63. Ra1 Rg4 64. Re1+ Kd7 65. Kf7 Rf4+ 66. Kg8 Rg4 67. g7 Rg3 68.
Re5 Rg4 69. Kf7 Rf4+ 70. Kg6  1-0

[Event "1. OEsterreichische Internet Schach Meisterschaft - Vorrunde 2"]
[Site "Online - Playchess.com"]
[Date ""]
[Round "2"]
[Board "72"]
[White "Horvath, Maria"]
[Black "Miazhynski, Michael"]
[Result "1-0"]
[WhiteElo "1995"]
[BlackElo "1827"]
[PlyCount "135"]
[EventDate "2020.04.13"]
[EventRounds "9"]
[EventCountry "AUT"]

1. d4 Nf6 2. Nf3 g6 3. c4 Bg7 4. Nc3 O-O 5. e4 d6 6. Be2 e5 7. O-O Nc6 8. d5 Ne7
9. Ne1 Kh8 10. f3 Nfg8 11. Be3 Bh6 12. Qd2 Bxe3+ 13. Qxe3 f5 14. Nd3 f4 15. Qf2 g5
16. c5 h5 17. h3 Nf6 18. cxd6 cxd6 19. Rac1 a6 20. Na4 Bd7 21. Nb6 Rb8 22. Nxd7 Qxd7
23. Rc3 Rfc8 24. Rfc1 Rxc3 25. Rxc3 Rc8 26. Qe1 Rxc3 27. bxc3 Nc8 28. c4 Qc7 29.
Qb4 Nd7 30. Bd1 Qb6+ 31. Qxb6 Ncxb6 32. Bb3 Kg7 33. Kf2 Kf6 34. a4 Na8 35. a5 b6
36. Ba4 Ke7 37. Bc6 Nc7 38. axb6 Nxb6 39. c5 Nc4 40. Ke2 a5 41. Kd1 Na6 42. Ke2 Nxc5
43. Nxc5 dxc5 44. Bb5 Nb6 45. Kd3 Kd6 46. Kc3 Ke7 47. Bc6 Kd6 48. Be8 h4 49. Bc6
c4 50. Bb5 Kc5 51. Be8 a4 52. Kb2 Kb4 53. d6 a3+ 54. Ka2 c3 55. d7 c2 56. d8=Q c1=Q
57. Qxb6+ Kc3 58. Qc5+ Kd2 59. Qxc1+ Kxc1 60. Kxa3 Kd2 61. Bd7 Ke2 62. Kb3 Kf2 63.
Kb4 Kxg2 64. Bg4 Kf2 65. Kc5 Ke3 66. Kd5 Kd3 67. Kxe5 Kc4 68. Kf5  1-0